Studie 6/1990. Konečné vyřazování jaderných elektráren z provozů /
Salvato in:
| Autore principale: | |
|---|---|
| Natura: | Libro |
| Lingua: | ceco |
| Pubblicazione: |
Praha :
ÚIJ,
1990
|
| Tags: |
Nessun Tag, puoi essere il primo ad aggiungerne!!
|
MARC
| LEADER | 00000nam a22000003a 4500 | ||
|---|---|---|---|
| 001 | stu343 | ||
| 005 | 20150617225621.2 | ||
| 008 | 910516s1990----cs------------------cze-d | ||
| 040 | |a STU |b slo | ||
| 041 | 0 | |a cze | |
| 044 | |a cs | ||
| 080 | |a 621.039.566 |7 stu_us_auth*stu8381 | ||
| 100 | 1 | |a Mareš, Zdeněk |4 aut | |
| 245 | 1 | |a Studie 6/1990. Konečné vyřazování jaderných elektráren z provozů / |c [aut.] Mareš,Zdeněk | |
| 260 | |a Praha : |b ÚIJ, |c 1990 | ||
| 300 | |a 128 s | ||
| 996 | |b E74531 |c E*74531 |l EE15 |s P |a 0 |w stu343_0001 | ||